LEADER 01008nam0 22002531i 450 001 RML0235201 005 20231121125701.0 100 $a20121121d1988 ||||0itac50 ba 101 | $aita 102 $ait 181 1$6z01$ai $bxxxe 182 1$6z01$an 200 1 $aImmigrati extracomunitari e lavoro subordinato$etutele costituzionali, garanzie legali e regime contrattuale$fAntonio Viscomi 210 $aNapoli $cEdizioni Scientifiche Italiane$d1991 215 $a356 p.$d24 cm 700 1$aVISCOMI$b, Antonio$3RMLV149913$0140547 801 3$aIT$bIT-01$c20121121 850 $aIT-FR0098 899 $aBiblioteca Area Giuridico Economica$bFR0098 912 $aRML0235201 950 0$aBiblioteca Area Giuridico Economica$d 53IMP 344.01/68$e 53VM 0000036785 VM barcode:ECO004511. - Inventario:213. - Fondo:Sala consultazioneVM$fA $h19951020$i20121204 977 $a 53 996 $aImmigrati extracomunitari e lavoro subordinato$9688535 997 $aUNICAS